000 01312cam a22003374a 4500
001 12309720
003 OSt
005 20151015134345.0
008 010214s2001 nyuab b 001 0beng
010 _a 2001023493
020 _a075381305X
040 _aDLC
_cDLC
_dDLC
042 _apcc
043 _ae-fr---
050 0 0 _aDC 137.1
_b.F862 2001
082 0 0 _aIB 944.035
100 1 _aFraser, Antonia.
_d1932-
245 1 0 _aMarie antoinette :
_bthe journey /
_cAntonia Fraser.
260 _aNew York :
_bN.A. Talese/Doubleday,
_cc2001.
300 _axxii, 512 p. :
_bill. (some col.), map ;
_c25 cm.
600 0 0 _aMarie Antoinette,
_cQueen, consort of Louis XVI, King of France,
_d1755-1793
650 0 _aQueens
_zFrance
_vBiography.
651 0 _aFrance
_xHistory
_yLouis XVI, 1774-1793.
856 4 2 _3Contributor biographical information
_uhttp://www.loc.gov/catdir/bios/random053/2001023493.html
856 4 1 _3Sample text
_uhttp://www.loc.gov/catdir/samples/random042/2001023493.html
856 4 2 _3Publisher description
_uhttp://www.loc.gov/catdir/description/random046/2001023493.html
906 _a7
_bcbc
_corignew
_d1
_eocip
_f20
_gy-gencatlg
942 _2lcc
_cBK
999 _c3056
_d3056